The Future of aeronautics. (Record no. 69632)

000 -LEADER
fixed length control field 01151cam a2200289 4500
001 - CONTROL NUMBER
control field 4600556
003 - CONTROL NUMBER IDENTIFIER
control field NUST - PNEC
005 - DATE AND TIME OF LATEST TRANSACTION
control field 20170116181123.0
008 - FIXED-LENGTH DATA ELEMENTS--GENERAL INFORMATION
fixed length control field 710407r19711968nyuab b 001 0 eng
010 ## - LIBRARY OF CONGRESS CONTROL NUMBER
LC control number 76135522
040 ## - CATALOGING SOURCE
Original cataloging agency DLC
Transcribing agency LIBRARY
Modifying agency DLC
050 00 - LIBRARY OF CONGRESS CALL NUMBER
Classification number TL553
Item number .F86 1971
082 00 - DEWEY DECIMAL CLASSIFICATION NUMBER
Classification number 629.13 ALL
245 04 - TITLE STATEMENT
Title The Future of aeronautics.
Statement of responsibility, etc. Edited by John E. Allen & Joan Bruce. Foreword by Prince Philip.
260 ## - PUBLICATION, DISTRIBUTION, ETC.
Place of publication, distribution, etc. New York,
Name of publisher, distributor, etc. St. Martin's Press
Date of publication, distribution, etc. [1971, c1970]
300 ## - PHYSICAL DESCRIPTION
Extent xiv, 552 p.
Other physical details illus., maps.
Dimensions 24 cm.
350 ## - PRICE (NR) (BK AM CF MU VM SE) [OBSOLETE]
Price $15.00
500 ## - GENERAL NOTE
General note Twenty-two contributions, prepared at the invitation of the Royal Aeronautical Society as it began its 2d century of activity; the contributions were originally published in the society's Aeronautical journal from Jan. 1968 to Aug. 1969.
504 ## - BIBLIOGRAPHY, ETC. NOTE
Bibliography, etc. note Includes bibliographical references.
650 #0 - SUBJECT ADDED ENTRY--TOPICAL TERM
Topical term or geographic name entry element Aeronautics.
General subdivision ME
700 1# - ADDED ENTRY--PERSONAL NAME
Personal name Allen, John Elliston,
Dates associated with a name 1921-
Relator term ed.
700 1# - ADDED ENTRY--PERSONAL NAME
Personal name Bruce, Joan,
Relator term ed.
710 2# - ADDED ENTRY--CORPORATE NAME
Corporate name or jurisdiction name as entry element Royal Aeronautical Society.
710 2# - ADDED ENTRY--CORPORATE NAME
Corporate name or jurisdiction name as entry element Royal Aeronautical Society.
Title of a work Journal.
906 ## - LOCAL DATA ELEMENT F, LDF (RLIN)
a 7
b cbc
c orignew
d 2
e ncip
f 19
g y-gencatlg
942 ## - ADDED ENTRY ELEMENTS (KOHA)
Source of classification or shelving scheme
Koha item type Book
Holdings
Withdrawn status Lost status Source of classification or shelving scheme Damaged status Not for loan Permanent Location Current Location Shelving location Date acquired Total Checkouts Full call number Barcode Date last seen Price effective from Koha item type
          Pakistan Navy Engineering College (PNEC) Pakistan Navy Engineering College (PNEC)       629.13 ALL PNECLIB-006431 10/05/2015   Book
© 2023 Central Library, National University of Sciences and Technology. All Rights Reserved.